000 00433nam a2200133Ia 4500
005 20260209120152.0
008 260209s9999||||xx |||||||||||||| ||und||
100 _aAbhishek Tanwar
245 0 _aRegulating payment system : a critical analysis of NPCI
260 _aBangaloreBangalore
_bNLSIU, Bangalore
_c2024 - 2025
300 _a37 p. ; 25 cm.
700 _aMs. Ronjini Ray - SupervisorMs. Ronjini Ray - Supervisor
856 _uNA
999 _c217770
_d217770